000 00837nam a2200217 a 4500
003 0
005 20250301100409.0
008 100902s19uu xx 00 eng d
050 _aPGS LC 146.6
_b.C117 2010
100 _aCabuay, Samuel James B.
245 _aSchool absentism and tardiness of SISC grade six students /
_cSamuel James B. Cabuay.
260 _aLas PiƱas City, Philippines :
_bSouthville International School and Colleges,
_c2010.
300 _a33 pages :
_billustrations ;
_c28 cm.
504 _aIncludes bibliographical references.
650 _aSchool attendance
_vElementary students.
650 _aAbsenteeism in education.
650 _aTardiness in schoolchildren.
650 _aSchool discipline and attendance issues.
650 _aStudent punctuality
_vAcademic performance impact.
942 _2lcc
_cPASS
999 _c98327
_d98327